000 00749nam a2200205 a 4500
003 0
005 20250505123847.0
008 021107s19uu xx 00 eng d
050 _aPGS BL 625.5
_b.Sa111 2002
100 _aSa, Jae-hyung.
245 _aReligious perceptions of grade six students of Southville International School /
_cJae-hyung Sa.
260 _aLas PiƱas City, Philippines :
_bSouthville International School and Colleges,
_c2002.
300 _a24 pages :
_billustrations ;
_c28 cm.
504 _aIncludes bibliographical references.
650 _aChildren
_vReligious life.
650 _aReligious beliefs
_vElementary students.
650 _aPrayer
_vChildren.
650 _aBible
_vInfluence on children.
942 _2lcc
_cPASS
999 _c96583
_d96583